000 00459nam a2200145 i 4500
001 92563
003 ES-MaACL
007 t|
008 050224s1921 sp ||||1| spa d
110 2 _aSan Sebastián.
_bAyuntamiento.
_96490
245 1 0 _aLibro de presupuestos. 1921 /
_cAyuntamiento de San Sebastián.
260 _aSan Sebastián :
_b[s.n.],
_c1921 (
_fArtes Gráficas Merecan)
300 _aVII, 216 p. :
_b4 facs. ;
_c27 cm.
852 _aES-MaACL
_jG-13992
999 _c92563
_d92563